000
00280nam a2200121Ia 4500
008
190216s9999||||xx |||||||||||||| ||und||
100
_a
Pramod Kumar Agarwal
245
0
_a
Hindi- Jal- Pradushan
260
_b
Uorj Prakashan
_c
2001
300
_a
64
650
_a
Hindi
942
_c
BK
999
_c
16111
_d
16111